000 00489nam a2200181Ia 4500
008 100917s9999 xx 000 0 und d
082 _b23280
100 _aदिघे प््रा. तु.
245 _aरूपाली
260 _bप्रिया प्रकाशन
_c1974
300 _a148
365 _b9
520 _aकादंबरी
630 _aरूपाली
650 _aकादंबरी
730 _aरूपाली
942 _cBOOK
999 _c628674
_d628671